MDQL
is popping MORE tags! Check the
thread
!
Quizzes
Events
Quiz Creation
Community
Videos
Private Events
Remove Ads
Sign In
Join for FREE
Feedback
Dark Mode
Quiz Categories
Sports
Geography
Music
Movies
Television
Just For Fun
Miscellaneous
History
Literature
Language
Science
Gaming
Entertainment
Religion
Holiday
For Kids
Quiz Lab
Recent
Popular Today
Quiz Kudos Today
Editor Picks
Curator Picks
Quizzes by...
Day
Popularity
Type
Ratings
Length
Year
Community
Subscriptions
Recent Discussions
Orange Saloon
Badges
Playlists
Quests
Create
Leaderboards
Showdown
Live 5
Trivia Bingo
Activity
Puzzle Library
Sporcle Events
Private Events
Virtual Trivia
Globe League
Become a Host
Pub Owners
SporcleCon
Opinionation
Our Games
Videos
Blog
Mobile Apps
Partnerships
Remove Ads and Go Orange
Feedback
Sports
Athletes
MLB
NBA
NHL
NFL
Soccer
Sports Teams
WWE
NCAA
Football
Premier League
Basketball
Baseball
Hockey
Golf
Tennis
Cricket
Rugby
Auto Racing
Olympics
World Cup
Sports
Athletes
MLB
NBA
NHL
NFL
Soccer
Sports Teams
WWE
NCAA
Football
Premier League
Basketball
Baseball
Hockey
Golf
Tennis
Cricket
Rugby
Auto Racing
Olympics
World Cup
Random Quiz
Search Sporcle
×
Quiz Lab
Quiz Lab
Sports
Numbers
Type in answers that appear in a list
Type in answers that appear in a list
Classic
Best Score? Go Orange.
1998 Padres Playoff Roster Stats
Can you name the 1998 Padres World Series Roster?
By
Garfiled
10m
25 Questions
340 Plays
340 Plays
340 Plays
Comments
Comments
Give Quiz Kudos
Give Quiz Kudos
-
- Ratings
hide this ad
Replay
Link that replays current quiz
Next Quiz
Link to next quiz in quiz playlist
You Got
0%
They Got
Avg Score
51%
Avg Friend Score
Upgrade to see
Score Distribution
Jump to the score distribution portion of the page
Score
0/25
Timer
10:00
0
Plays Today
Number
Padre
% Correct
#19
Tony Gwynn
93.8%
#27
Kevin Brown
86.5%
#51
Trevor Hoffman
85.3%
#21
Ken Caminiti
84.4%
#23
Greg Vaughn
78.5%
#12
Steve Finley
72.6%
#22
Wally Joyner
68.8%
#43
Andy Ashby
66.8%
#41
Sterling Hitchcock
64.1%
#4
Quilvio Veras
63.5%
#9
Carlos Hernandez
58.2%
#10
Chris Gomez
53.2%
#13
Jim Leyritz
45.6%
Number
Padre
% Correct
#50
Joey Hamilton
45.3%
#24
Mark Langston
34.7%
#20
Greg Myers
34.7%
#18
Randy Myers
34.4%
#44
John Vander Wal
34.1%
#36
Donnie Wall
29.7%
#28
Ruben Rivera
28.8%
#8
Mark Sweeney
27.9%
#33
Dan Miceli
22.9%
#14
George Arias
22.9%
#37
Brian Boehringer
21.8%
#2
Andy Sheets
21.8%
Quiz Playlist
Details
Report
Send in Message
Add To Playlist
Classic:
Type in answers that appear in a list
Last Updated: Feb 16, 2017
Quiz Scoreboard
CHALLENGE
Sign Up to Join the Scoreboard
Show All
Scores
Hide
Comments
May contain spoilers
Recently Published
Two Season TV Shows II
by 123Four
Television
10m
Image Sorting: Flags VI
by Barbecue
Geography
2m
Find the 'City' Movie
by crazypaving
Movies
60s
More to Explore
Quiz From the Vault
Featured Blog Post
14 Easter Pick-up Lines to Find Eggs With
hide this ad
You Might Also Like...
Tags
Football Quiz
Numbers Quiz
World Quiz
1998
Playoff
Roster
San Diego Padres
World Series
Today's Top Quizzes in Sports
Browse Sports
hide this ad
Today's Top Quizzes in Numbers
Browse Numbers
Top Contributed Quizzes in Sports
1
Les meilleurs buteurs des matchs entre le PSG et l’OM
2
Les entraîneurs de l'OM et du PSG au 21e siècle
3
2022 World Cup Stars
4
Les joueurs passés par le PSG et l'OM
5
Players with Multiple 50 Home Run Seasons
6
FIFA Club World Cup Champions
7
Criteria MLB: Left Handed Sluggers
8
Les joueurs passés par le LOSC et le RC Lens
9
Top 10 NHL Goal Scorers of All Time
10
NBA Logic Puzzle 2.0
Explore More
Trending Topics
Harry Potter
Crossword
Anime
Kpop
NBA
Marvel
Disney
Puzzle
Soccer
Pokémon
WWE
Country
The Office
NFL
Song
hide this ad
More By:
Garfiled
Quiz
Plays
Rating
Category
Featured
Created
1998 Padres Playoff Roster
340
5.00
Sports
Oct 20, 2009
Go to Creator's Profile
Score Distribution
Quiz Creator Spotlight
Garfiled
Follow
Send a Message
Quizzes Created
-
Created Quiz Play Count
-
More By This Creator
Popular Quizzes Today
1
Find the US States - No Outlines Minefield
2
Colored Red Africa Blitz
3
Find the 'City' Movie
4
5x2 Blitz: Bands
5
The Countries of the World
6
Find the Countries of Europe - No Outlines Minefield
7
Find the US States
8
US States
More Sports Quizzes
NBA Top 10 Leaders of the decade
Quiz Lab
Trending Quizzes
Colored Red Europe Blitz I
Colored Red Africa Blitz II
Colored Red Europe Blitz II
Colored Red Africa Blitz III
Even More Two Season TV Shows
Recently Updated
March Madness Men's Triple Doubles
pecheneg
How Do You Spell That?
pecheneg
Godzilla Movies
pecheneg
Grab Bag: 4-10 Letters
pecheneg
2024 March Madness Bracket
pecheneg
Famous TV Couples
Peacemaker
Champions League XIs: Real Madrid
pecheneg
Largest US Cities 1790-2010
pecheneg
Rides in Walt Disney World
pecheneg
Most Oscar Losses (Acting)
pecheneg
Trending Topics
Harry Potter
NBA
Disney
Kpop
Anime
Marvel
Crossword
Soccer
Pokémon
WWE
Puzzle
Song
Country
The Office
NFL
Your Account Isn't Verified!
In order to create a playlist on Sporcle, you need to verify the email address you used during registration. Go to your
Sporcle Settings
to finish the process.
Report this User
Report this user for behavior that violates our
Community Guidelines
.
Details:
Send Report
Go to the Sporcle.com Mobile Site →
Comments